000 00345nam a2200145Ia 4500
008 230917s9999||||xx |||||||||||||| ||und||
040 _e128337
_aMAIN
041 _aEnglish
082 _a327.51 C349C
100 _aHo, Ping-Ti
245 0 _aChina in crisis
260 _aLondon
_bUniversity of Chicago
_c1968
300 _a447p p.
942 _cBK
999 _c84267
_d84267